Представление документа в формате MARC21

Поле Инд. ПП Название Значение
Тип записи a
Библиографический уровень b
001 Контрольный номер RU/IS/BASE/257448652
005 Дата корректировки 20200526074525.4
008 Кодируемые данные 20080227
040 b Код языка каталог. rus
e Правила каталог. PSBO
041 0_ a Код языка текста rus
084 a Индекс другой классификации/Индекс ББК 83.3(2=411.2)5
100 1_ a Автор Красносельская Ю. И.
245 10 a Заглавие Орнитологическая метафора в журнальной полемике 1860-х гг.: Фет, Щедрин, Достоевский, Толстой
504 a Библиография Библиогр. - Примеч.: с. 89 - 90
600 a Персоналии Фет Афанасий Афанасьевич
a Персоналии Салтыков-Щедрин Михаил Евграфович
a Персоналии Достоевский Федор Михайлович
a Персоналии Толстой Лев Николаевич
650 a Основная рубрика история литературы
a Основная рубрика литературоведение
a Основная рубрика филологические науки
653 a Ключевые слова XIX век
a Ключевые слова журналы
a Ключевые слова журнальная полемика
a Ключевые слова метафоры
a Ключевые слова периодическая печать
a Ключевые слова птицы
a Ключевые слова Россия
773 0_ t Заглавие источника Вестник Московского университета. Серия 9, Филология
d Дата издания источника 2007
g Прочая информация № 3. - С. 83 - 90
w Контрольный № источника RU/IS/BASE/238074426
901 t Тип документа b